000 00567nas a2200181 a 4500
001 000031635
003 DLC
005 20200930063051.0
008 110628c19469999dr r1p 0 0eng d
040 _aDO-SdBNP
_bspa
043 _anwdr
130 0 _aLa unión masónica
_957941
245 0 0 _aLa unión masónica :
_bórgano de la respetable logia Nuevo Mundo.
260 _aSantiago de los caballeros, :
_bLogia nuevo mundo,
_c1946
_fMuchas gracias
310 _aMensual
362 0 _a4ta. época, no. 29(28 de julio de 1946)
500 _aDirector: Nicanor A. Jiménez
999 _c31127
_d31127